[Event "Chess24 Banter Blitz Cup"]
[Site "chess24.com INT"]
[Date "2019.10.11"]
[Round "1.14"]
[White "Bellahcene, Bilel"]
[Black "Bruzon Batista, Lazaro"]
[Result "0-1"]
[WhiteTitle "GM"]
[BlackTitle "GM"]
[WhiteElo "2540"]
[BlackElo "2644"]
[WhiteFideId "696358"]
[BlackFideId "3503739"]
[EventDate "2019.09.25"]
[EventType "blitz"]

1. e4 c5 2. Nf3 d6 3. d4 cxd4 4. Nxd4 Nf6 5. Nc3 e6 6. g4 h6 7. h4 a6 8. g5 hxg5
9. Bxg5 Be7 10. Qf3 Nbd7 11. O-O-O Qc7 12. Rg1 b5 13. a3 Bb7 14. Kb1 Rc8 15. Bc1
g6 16. Bg5 Qb6 17. Nb3 Ne5 18. Qe2 Rxc3 19. bxc3 Nxe4 0-1

[Event "Chess24 Banter Blitz Cup"]
[Site "chess24.com INT"]
[Date "2019.10.11"]
[Round "1.16"]
[White "Bellahcene, Bilel"]
[Black "Bruzon Batista, Lazaro"]
[Result "0-1"]
[WhiteTitle "GM"]
[BlackTitle "GM"]
[WhiteElo "2540"]
[BlackElo "2644"]
[WhiteFideId "696358"]
[BlackFideId "3503739"]
[EventDate "2019.09.25"]
[EventType "blitz"]

1. d4 d5 2. c4 e6 3. Nf3 Nf6 4. g3 Be7 5. Bg2 O-O 6. O-O Nbd7 7. Qc2 c6 8. b3 b6
9. Bb2 Bb7 10. Nbd2 c5 11. e3 Rc8 12. Rac1 dxc4 13. bxc4 Qc7 14. Rfd1 Rfd8 15.
Qb1 Qb8 16. Qa1 h6 17. d5 exd5 18. cxd5 Bxd5 19. e4 Be6 20. e5 Nd5 21. Ne4 Nb4
22. a3 Nc6 23. Nd6 Rc7 24. Nh4 Bxh4 25. gxh4 Na5 26. Rc3 Nb3 27. Qb1 Nd4 28. Re3
Nxe5 29. Bxd4 cxd4 30. Rxd4 Rcd7 31. Rxe5 Rxd6 32. Rxd6 Qxd6 0-1

[Event "Chess24 Banter Blitz Cup"]
[Site "chess24.com INT"]
[Date "2019.10.13"]
[Round "1.1"]
[White "Firouzja, Alireza"]
[Black "Skripchenko, Almira"]
[Result "1-0"]
[WhiteTitle "GM"]
[BlackTitle "IM"]
[WhiteElo "2702"]
[BlackElo "2403"]
[WhiteFideId "12573981"]
[BlackFideId "13900145"]
[EventDate "2019.09.25"]
[EventType "blitz"]

1. d4 d6 2. Nf3 Nd7 3. e4 e5 4. Bc4 Be7 5. dxe5 dxe5 6. Qd5 Bb4+ 7. c3 Qe7 8.
cxb4 Nb6 9. Qa5 Nxc4 10. Qb5+ c6 11. Qxc4 Nf6 12. Nc3 O-O 13. Bg5 h6 14. Bxf6
Qxf6 15. O-O Be6 16. Qe2 Rad8 17. Rfd1 Bg4 18. Rxd8 Rxd8 19. Rd1 Re8 20. h3 Bh5
21. Qe3 Qe7 22. a3 Rf8 23. Rd3 1-0

[Event "Chess24 Banter Blitz Cup"]
[Site "chess24.com INT"]
[Date "2019.10.13"]
[Round "1.2"]
[White "Skripchenko, Almira"]
[Black "Firouzja, Alireza"]
[Result "0-1"]
[WhiteTitle "IM"]
[BlackTitle "GM"]
[WhiteElo "2403"]
[BlackElo "2702"]
[WhiteFideId "13900145"]
[BlackFideId "12573981"]
[EventDate "2019.09.25"]
[EventType "blitz"]

1. Nf3 d5 2. g3 Nc6 3. Bg2 e5 4. d3 Nf6 5. O-O Be7 6. Nbd2 O-O 7. e4 Re8 8. Re1
dxe4 9. dxe4 Bc5 10. h3 Nh5 11. Nf1 Qf6 12. c3 a5 13. Be3 Bxe3 14. Nxe3 Be6 15.
Nd5 Qd8 16. a4 Nf6 17. Ng5 Bc8 18. Nf3 h6 19. Nd2 Be6 20. Nc4 Nd7 21. Nce3 Ne7
22. Qh5 c6 23. Rad1 cxd5 24. exd5 Nf6 25. Qxe5 Bd7 26. d6 Nf5 27. Qc5 Rc8 28.
Qa7 Nxe3 29. Rxe3 Rxe3 30. Qxe3 Bxa4 31. Rd4 Bc6 32. d7 Bxd7 33. Qd2 Qc7 0-1

[Event "Chess24 Banter Blitz Cup"]
[Site "chess24.com INT"]
[Date "2019.10.13"]
[Round "1.3"]
[White "Firouzja, Alireza"]
[Black "Skripchenko, Almira"]
[Result "1-0"]
[WhiteTitle "GM"]
[BlackTitle "IM"]
[WhiteElo "2702"]
[BlackElo "2403"]
[WhiteFideId "12573981"]
[BlackFideId "13900145"]
[EventDate "2019.09.25"]
[EventType "blitz"]

1. d4 d5 2. Nf3 a6 3. c4 dxc4 4. g3 b5 5. Bg2 Bb7 6. O-O e6 7. a4 Nf6 8. Nc3 b4
9. Nb1 c5 10. Nbd2 cxd4 11. Nxc4 Bc5 12. Bg5 h6 13. Bxf6 Qxf6 14. Rc1 Nd7 15.
Na5 Bd5 16. Nb3 Bxb3 17. Qxb3 O-O 18. Nd2 Rab8 19. Bc6 d3 20. e3 Qe5 21. Bxd7
Bxe3 22. Nc4 Qd5 23. Rcd1 Bxf2+ 24. Rxf2 Qxd7 25. Qxd3 Qxa4 26. Rdf1 b3 27. Ne5
Rb7 28. Nxf7 Rbxf7 29. Rxf7 Rxf7 30. Qd8+ 1-0

[Event "Chess24 Banter Blitz Cup"]
[Site "chess24.com INT"]
[Date "2019.10.13"]
[Round "1.4"]
[White "Skripchenko, Almira"]
[Black "Firouzja, Alireza"]
[Result "1-0"]
[WhiteTitle "IM"]
[BlackTitle "GM"]
[WhiteElo "2403"]
[BlackElo "2702"]
[WhiteFideId "13900145"]
[BlackFideId "12573981"]
[EventDate "2019.09.25"]
[EventType "blitz"]

1. e4 d6 2. d4 Nf6 3. Nc3 g6 4. Be3 Bg7 5. Qd2 O-O 6. Nf3 Nc6 7. O-O-O b5 8.
Bxb5 Na5 9. Bh6 c6 10. Bd3 Rb8 11. h4 Bxh6 12. Qxh6 Qb6 13. b3 Qb4 14. Nb1 Bg4
15. h5 e5 16. Qg5 Bxf3 17. Qxf6 Bxh5 18. f3 Qxd4 19. g4 Qe3+ 20. Nd2 c5 21. gxh5
c4 22. h6 1-0

[Event "Chess24 Banter Blitz Cup"]
[Site "chess24.com INT"]
[Date "2019.10.13"]
[Round "1.5"]
[White "Firouzja, Alireza"]
[Black "Skripchenko, Almira"]
[Result "1-0"]
[WhiteTitle "GM"]
[BlackTitle "IM"]
[WhiteElo "2702"]
[BlackElo "2403"]
[WhiteFideId "12573981"]
[BlackFideId "13900145"]
[EventDate "2019.09.25"]
[EventType "blitz"]

1. d4 d5 2. c4 dxc4 3. e3 e5 4. Bxc4 exd4 5. exd4 Nf6 6. Nf3 Bd6 7. O-O O-O 8.
Nc3 Nc6 9. h3 h6 10. Re1 Bf5 11. d5 Ne7 12. Nd4 Bg6 13. Qf3 Nh7 14. Ndb5 Nc8 15.
Nxd6 Nxd6 16. Bb3 a6 17. Bf4 Nf6 18. Rac1 Re8 19. Rxe8+ Nfxe8 20. Qg3 Qf6 21.
Be5 Qg5 22. Qxg5 hxg5 23. Na4 Rd8 24. Bxd6 Rxd6 25. Nc5 Rb6 26. Re1 Nf6 27. Re7
Rd6 28. Nxb7 1-0

[Event "Chess24 Banter Blitz Cup"]
[Site "chess24.com INT"]
[Date "2019.10.13"]
[Round "1.6"]
[White "Skripchenko, Almira"]
[Black "Firouzja, Alireza"]
[Result "0-1"]
[WhiteTitle "IM"]
[BlackTitle "GM"]
[WhiteElo "2403"]
[BlackElo "2702"]
[WhiteFideId "13900145"]
[BlackFideId "12573981"]
[EventDate "2019.09.25"]
[EventType "blitz"]

1. e4 Nc6 2. Nf3 e5 3. Bc4 Bc5 4. O-O d6 5. c3 Nf6 6. d3 O-O 7. Bb3 d5 8. Nbd2
Re8 9. Re1 h6 10. exd5 Nxd5 11. Ne4 Be7 12. d4 exd4 13. Nxd4 Nxd4 14. Qxd4 Be6
15. Nc5 Bxc5 16. Qxc5 Nf6 17. Bf4 Bxb3 18. axb3 Qd5 19. Qxd5 Nxd5 20. Bg3 c6 21.
h3 a6 22. Kf1 f6 23. Red1 Re7 24. Bd6 Rd7 25. Bc5 Rad8 26. Re1 Nf4 27. Bd4 c5
28. Be3 Nd3 29. Re2 f5 30. g3 g5 31. b4 cxb4 32. Bd4 Rc8 33. Re6 Rc6 34. Re8+
Kf7 35. Rh8 Kg6 36. Rg8+ Kh5 37. Ke2 Nxb2 38. Kf3 bxc3 39. Be3 Rd1 40. g4+ Kh4
41. Ra3 f4 0-1

[Event "Chess24 Banter Blitz Cup"]
[Site "chess24.com INT"]
[Date "2019.10.13"]
[Round "1.7"]
[White "Firouzja, Alireza"]
[Black "Skripchenko, Almira"]
[Result "1-0"]
[WhiteTitle "GM"]
[BlackTitle "IM"]
[WhiteElo "2702"]
[BlackElo "2403"]
[WhiteFideId "12573981"]
[BlackFideId "13900145"]
[EventDate "2019.09.25"]
[EventType "blitz"]

1. Nf3 c5 2. b3 Nc6 3. Bb2 Nf6 4. g3 d5 5. Bg2 d4 6. O-O e5 7. e3 Be7 8. exd4
exd4 9. Re1 O-O 10. Na3 Bg4 11. Nc4 Re8 12. h3 Bh5 13. d3 Nd5 14. Qd2 Qc8 15.
Nfe5 Nxe5 16. Rxe5 Nf6 17. Rae1 Qc7 18. Qa5 b6 19. Qa4 Rad8 20. Bc6 Kf8 21. Bxe8
Rxe8 22. Bc1 Bf3 23. Bf4 Qc8 24. Kh2 Ba8 25. Rxe7 Rxe7 26. Rxe7 Kxe7 27. Qxa7+
Bb7 28. Nd6 1-0

[Event "Chess24 Banter Blitz Cup"]
[Site "chess24.com INT"]
[Date "2019.10.13"]
[Round "1.8"]
[White "Skripchenko, Almira"]
[Black "Firouzja, Alireza"]
[Result "0-1"]
[WhiteTitle "IM"]
[BlackTitle "GM"]
[WhiteElo "2403"]
[BlackElo "2702"]
[WhiteFideId "13900145"]
[BlackFideId "12573981"]
[EventDate "2019.09.25"]
[EventType "blitz"]

1. e4 e6 2. d3 d5 3. Nd2 g6 4. Ngf3 Bg7 5. g3 Ne7 6. Bg2 O-O 7. O-O c5 8. Re1
Nd7 9. c3 Nc6 10. h4 b5 11. h5 b4 12. Qc2 bxc3 13. bxc3 Qa5 14. Nb1 Rb8 15. Bf4
Nde5 16. Nxe5 Bxe5 17. Bxe5 Nxe5 18. Qd2 dxe4 19. dxe4 Qd8 20. Qe3 Ba6 21. h6
Qf6 22. Nd2 Rb2 23. Red1 Ng4 24. Qxc5 Be2 25. e5 Qxe5 26. Qa3 Rbb8 27. Re1 Rbc8
28. Ne4 Bd3 0-1

[Event "Chess24 Banter Blitz Cup"]
[Site "chess24.com INT"]
[Date "2019.10.13"]
[Round "1.9"]
[White "Firouzja, Alireza"]
[Black "Skripchenko, Almira"]
[Result "1-0"]
[WhiteTitle "GM"]
[BlackTitle "IM"]
[WhiteElo "2702"]
[BlackElo "2403"]
[WhiteFideId "12573981"]
[BlackFideId "13900145"]
[EventDate "2019.09.25"]
[EventType "blitz"]

1. Nf3 g6 2. d4 Bg7 3. c3 d6 4. e4 Nd7 5. Bd3 Ngf6 6. O-O O-O 7. h3 e5 8. Re1
Nh5 9. Na3 Nf4 10. Bxf4 exf4 11. Qd2 g5 12. Rad1 h6 13. e5 dxe5 14. dxe5 Qe7 15.
e6 Nb6 16. exf7+ Qxf7 17. Ne5 Bxe5 18. Rxe5 f3 19. Bc2 fxg2 20. Bb3 1-0

[Event "Chess24 Banter Blitz Cup"]
[Site "chess24.com INT"]
[Date "2019.10.13"]
[Round "1.10"]
[White "Skripchenko, Almira"]
[Black "Firouzja, Alireza"]
[Result "1/2-1/2"]
[WhiteTitle "IM"]
[BlackTitle "GM"]
[WhiteElo "2403"]
[BlackElo "2702"]
[WhiteFideId "13900145"]
[BlackFideId "12573981"]
[EventDate "2019.09.25"]
[EventType "blitz"]

1. e4 e5 2. Nf3 Nc6 3. Bb5 Nf6 4. Qe2 Bd6 5. c3 O-O 6. O-O Re8 7. d3 Bf8 8. Re1
d6 9. Nbd2 Bd7 10. Nf1 Ne7 11. Bxd7 Qxd7 12. Ng3 Ng6 13. Bg5 Be7 14. Nf5 Nd5 15.
Bxe7 Ndxe7 16. Nxe7+ Qxe7 17. d4 Qf6 18. dxe5 dxe5 19. Rad1 Rad8 20. Rxd8 Rxd8
21. Rd1 h6 22. Rxd8+ Qxd8 23. g3 c6 24. Kg2 Qd6 25. Qc4 Nf8 26. a4 Nd7 27. a5 a6
28. Qb3 Nc5 29. Qc4 g6 30. h4 Kg7 31. h5 Ne6 32. hxg6 fxg6 33. Qb3 Nc5 34. Qc4
Ne6 35. Qb3 Nc5 36. Qc4 Ne6 1/2-1/2

[Event "Chess24 Banter Blitz Cup"]
[Site "chess24.com INT"]
[Date "2019.10.14"]
[Round "1.1"]
[White "Moussard, Jules"]
[Black "Grigoryan, Karen H."]
[Result "1-0"]
[WhiteTitle "GM"]
[BlackTitle "GM"]
[WhiteElo "2608"]
[BlackElo "2608"]
[WhiteFideId "642908"]
[BlackFideId "13301004"]
[EventDate "2019.09.25"]
[EventType "blitz"]

1. f4 d5 2. Nf3 Nf6 3. g3 Bg4 4. Bg2 Nbd7 5. O-O c6 6. d3 e6 7. c3 Bd6 8. Qe1
O-O 9. Nbd2 a5 10. Kh1 e5 11. fxe5 Nxe5 12. Nxe5 Bxe5 13. Nf3 Bd6 14. Bg5 h6 15.
Bd2 Re8 16. Qf2 Bh5 17. Rae1 Ng4 18. Qg1 Qe7 19. e4 dxe4 20. Rxe4 Qd7 21. Qd4 c5
22. Qc4 Rxe4 23. dxe4 b5 24. Qd5 Nf6 25. Qxa8+ 1-0

[Event "Chess24 Banter Blitz Cup"]
[Site "chess24.com INT"]
[Date "2019.10.14"]
[Round "1.2"]
[White "Grigoryan, Karen H."]
[Black "Moussard, Jules"]
[Result "0-1"]
[WhiteTitle "GM"]
[BlackTitle "GM"]
[WhiteElo "2608"]
[BlackElo "2608"]
[WhiteFideId "13301004"]
[BlackFideId "642908"]
[EventDate "2019.09.25"]
[EventType "blitz"]

1. e4 d5 2. exd5 Qxd5 3. Nc3 Qd8 4. Nf3 Nf6 5. Bc4 g6 6. Ne5 e6 7. d4 Bg7 8. O-O
O-O 9. Bg5 Nbd7 10. Qf3 h6 11. Bh4 g5 12. Bg3 Nb6 13. Bb3 Qxd4 14. a4 c6 15.
Rfd1 Qc5 16. a5 Nbd5 17. Na4 Qxa5 18. c4 Nb6 19. Bc2 Nxa4 20. Rxa4 Qb6 21. b4
Rd8 22. c5 Rxd1+ 23. Qxd1 Qc7 24. Nc4 e5 25. Bxe5 Qe7 26. Bd6 Bg4 27. f3 Qe6 28.
fxg4 Qxc4 29. h3 Ne4 30. Bb3 Qc3 31. Ra2 Qe3+ 32. Kh2 Nxd6 33. cxd6 Be5+ 34. Kh1
Qg3 35. Kg1 Rd8 36. Rf2 Rxd6 37. Bxf7+ Kg7 38. Qf3 Qh2+ 39. Kf1 Qh1+ 40. Ke2
Qd1+ 0-1

[Event "Chess24 Banter Blitz Cup"]
[Site "chess24.com INT"]
[Date "2019.10.14"]
[Round "1.3"]
[White "Moussard, Jules"]
[Black "Grigoryan, Karen H."]
[Result "1-0"]
[WhiteTitle "GM"]
[BlackTitle "GM"]
[WhiteElo "2608"]
[BlackElo "2608"]
[WhiteFideId "642908"]
[BlackFideId "13301004"]
[EventDate "2019.09.25"]
[EventType "blitz"]

1. Nf3 d5 2. g3 g6 3. Bg2 Bg7 4. d4 c5 5. c3 cxd4 6. cxd4 Nc6 7. O-O Nf6 8. Nc3
O-O 9. Ne5 e6 10. Nxc6 bxc6 11. b3 c5 12. Ba3 cxd4 13. Bxf8 Qxf8 14. Nb5 Ne4 15.
Rc1 Nc3 16. Nxc3 dxc3 17. e4 Bb7 18. exd5 Rd8 19. Qd3 Bxd5 20. Rfd1 Bf6 21. Bxd5
Rxd5 22. Qf3 Rf5 23. Qe3 Qb4 24. Qxa7 Kg7 25. Qe3 h5 26. h4 Qg4 27. Rd3 Bxh4 28.
Qd4+ Qxd4 29. Rxd4 Bf6 30. Rc4 Rd5 31. a4 Rd2 32. a5 Ra2 33. b4 Ra4 34. Rb1 Ra2
35. Rc6 Bd4 36. a6 Bxf2+ 37. Kh1 Bd4 38. b5 g5 39. Rc4 Be5 40. b6 Rxa6 41. b7
Bb8 42. Rxc3 Kg6 43. Rc8 Bxg3 44. Rg1 Bf4 45. Rg8+ Kf6 46. b8=Q Bxb8 47. Rxb8
Ra5 48. Rb2 Rf5 49. Rbg2 Kg6 50. Rh2 g4 51. Rhg2 Kg5 52. Kh2 h4 53. Re2 g3+ 54.
Kh3 Rf3 55. Re4 f5 56. Rxh4 f4 57. Rg4+ Kf5 58. Rh4 Rf2 59. Rh5+ Ke4 60. Kg4 f3
61. Re1+ 1-0

[Event "Chess24 Banter Blitz Cup"]
[Site "chess24.com INT"]
[Date "2019.10.14"]
[Round "1.4"]
[White "Grigoryan, Karen H."]
[Black "Moussard, Jules"]
[Result "1-0"]
[WhiteTitle "GM"]
[BlackTitle "GM"]
[WhiteElo "2608"]
[BlackElo "2608"]
[WhiteFideId "13301004"]
[BlackFideId "642908"]
[EventDate "2019.09.25"]
[EventType "blitz"]

1. Nf3 b6 2. c4 Bb7 3. g3 g6 4. Bg2 Bg7 5. O-O Nf6 6. Nc3 O-O 7. Re1 c5 8. e4 d6
9. d4 cxd4 10. Nxd4 Qc8 11. Nd5 Re8 12. b3 Nbd7 13. Bb2 a6 14. Qd2 e6 15. Nxf6+
Nxf6 16. a4 Qc7 17. a5 Rab8 18. Bc3 Nd7 19. axb6 Qxb6 20. Ne2 Bxc3 21. Nxc3 Qxb3
22. Qxd6 Red8 23. Na4 Qxc4 24. Rec1 Qb5 25. Rc7 Ne5 26. Qe7 Rd7 27. Rxd7 Qxd7
28. Qf6 Qd4 29. Rb1 Rc8 30. Rxb7 Rc1+ 31. Bf1 Rxf1+ 32. Kxf1 Qd3+ 33. Kg1 Nf3+
34. Kg2 Ne1+ 35. Kh3 Qf1+ 36. Kg4 Qe2+ 37. f3 h5+ 38. Kg5 Nxf3+ 39. Kh6 Qd2+ 40.
Qf4 Qxf4+ 41. gxf4 1-0

[Event "Chess24 Banter Blitz Cup"]
[Site "chess24.com INT"]
[Date "2019.10.14"]
[Round "1.5"]
[White "Moussard, Jules"]
[Black "Grigoryan, Karen H."]
[Result "1-0"]
[WhiteTitle "GM"]
[BlackTitle "GM"]
[WhiteElo "2608"]
[BlackElo "2608"]
[WhiteFideId "642908"]
[BlackFideId "13301004"]
[EventDate "2019.09.25"]
[EventType "blitz"]

1. c4 b6 2. Nc3 Bb7 3. Nf3 g6 4. d4 Bg7 5. e4 e6 6. h4 h6 7. Bd3 Ne7 8. Be3 d5
9. cxd5 exd5 10. e5 Bc8 11. h5 g5 12. Qc2 Bg4 13. a3 c5 14. Nb5 O-O 15. Nxg5 c4
16. Bh7+ Kh8 17. Nd6 hxg5 18. h6 Bxe5 19. dxe5 Nec6 20. f4 d4 21. Bf2 d3 22.
Qxc4 Kxh7 23. Qxd3+ f5 24. exf6+ Kh8 25. fxg5 Ne5 26. Qd5 Nbc6 27. O-O Qd7 28.
Bg3 Be6 29. Qd2 Rad8 30. Rad1 Qh7 31. Qc3 Rxd6 32. Rxd6 Bc4 33. Bxe5 Nxe5 34.
Qxe5 1-0

[Event "Chess24 Banter Blitz Cup"]
[Site "chess24.com INT"]
[Date "2019.10.14"]
[Round "1.6"]
[White "Grigoryan, Karen H."]
[Black "Moussard, Jules"]
[Result "1-0"]
[WhiteTitle "GM"]
[BlackTitle "GM"]
[WhiteElo "2608"]
[BlackElo "2608"]
[WhiteFideId "13301004"]
[BlackFideId "642908"]
[EventDate "2019.09.25"]
[EventType "blitz"]

1. e4 c5 2. d4 cxd4 3. c3 d3 4. Bxd3 d6 5. f4 Nf6 6. Nf3 Nc6 7. O-O Bg4 8. Nbd2
e6 9. Qb3 Qc7 10. Nc4 Be7 11. Ne3 Bh5 12. h3 Bxf3 13. Rxf3 O-O 14. Bd2 b5 15.
Re1 b4 16. Rff1 a5 17. Qa4 Nd7 18. Bb1 Nc5 19. Qc2 bxc3 20. Bxc3 Nb4 21. Qd1
Rab8 22. f5 Bg5 23. Qg4 Bxe3+ 24. Rxe3 e5 25. f6 g6 26. a3 Nba6 27. Ba2 Qd7 28.
Qh4 Nc7 29. Qh6 N7e6 30. Rg3 Nxe4 31. Rg4 N4c5 32. Rh4 1-0

[Event "Chess24 Banter Blitz Cup"]
[Site "chess24.com INT"]
[Date "2019.10.14"]
[Round "1.7"]
[White "Moussard, Jules"]
[Black "Grigoryan, Karen H."]
[Result "0-1"]
[WhiteTitle "GM"]
[BlackTitle "GM"]
[WhiteElo "2608"]
[BlackElo "2608"]
[WhiteFideId "642908"]
[BlackFideId "13301004"]
[EventDate "2019.09.25"]
[EventType "blitz"]

1. Nf3 g6 2. g3 Bg7 3. Bg2 e5 4. O-O e4 5. Ne1 Nf6 6. d3 exd3 7. cxd3 d5 8. Nc3
O-O 9. d4 Bf5 10. e3 c6 11. Nd3 Nbd7 12. a3 Re8 13. b4 h5 14. Nc5 Qc8 15. Bd2
Nb6 16. b5 Nc4 17. bxc6 bxc6 18. Be1 h4 19. Rc1 h3 20. Bf3 Nxa3 21. Qa4 Nc4 22.
Na2 Ne4 23. Nb4 Ng5 24. Be2 Bg4 25. Qa2 Qf5 26. Nxc6 Nf3+ 27. Kh1 Nfd2 28. f3
Bxf3+ 29. Kg1 Nxf1 30. Bxf1 Nxe3 31. Bd3 Be4 32. Nxe4 dxe4 33. Be2 Kh7 34. Rc5
Qf6 35. Bf2 Nf5 36. g4 Nd6 37. g5 Qf4 38. Qb3 e3 39. Bg3 Qe4 40. Qd1 Qg2# 0-1

[Event "Chess24 Banter Blitz Cup"]
[Site "chess24.com INT"]
[Date "2019.10.14"]
[Round "1.8"]
[White "Grigoryan, Karen H."]
[Black "Moussard, Jules"]
[Result "1-0"]
[WhiteTitle "GM"]
[BlackTitle "GM"]
[WhiteElo "2608"]
[BlackElo "2608"]
[WhiteFideId "13301004"]
[BlackFideId "642908"]
[EventDate "2019.09.25"]
[EventType "blitz"]

1. b3 e5 2. Bb2 Nc6 3. g3 g6 4. Bg2 Bg7 5. Nf3 f5 6. O-O d6 7. c4 Nf6 8. e3 e4
9. Ne1 O-O 10. d3 Qe7 11. Nd2 h5 12. dxe4 fxe4 13. h3 Bf5 14. Nc2 Rae8 15. Nd4
Nxd4 16. Bxd4 g5 17. Qc2 c5 18. Bc3 h4 19. g4 Bg6 20. Rad1 Nd7 21. Nb1 Ne5 22.
Bxe5 Qxe5 23. Rd5 Qf6 24. Rfd1 Re6 25. R1d2 a6 26. a4 Kh7 27. Qd1 Kh6 28. Kh1
Rd8 29. Na3 Bf8 30. Nb1 Bf7 31. Rf5 Qg7 32. Rdd5 Be7 33. Nd2 Bg6 34. Nxe4 Bxf5
35. gxf5 Re5 36. Nc3 Bf6 37. Qg4 Kh7 38. Bf3 Kh8 39. Rxe5 Bxe5 40. Nd5 Rf8 41.
Be4 Bf6 42. Kg2 Qf7 43. Kf3 Bd8 44. Ke2 Kg7 45. f6+ Bxf6 46. Qf5 Rh8 47. f4 Rh5
48. Bf3 Rh8 49. Be4 gxf4 50. Qg4+ Kf8 51. exf4 Rg8 52. Qc8+ Kg7 53. Qf5 Kf8 54.
Nxf6 Rg3 55. Nh7+ Kg7 56. Qxf7+ Kxf7 57. Ng5+ Kf6 58. Bxb7 Rxb3 59. Bd5 Ke7 60.
Ne4 Rb4 61. f5 Rxa4 62. f6+ Kf8 63. Ng5 Ra2+ 64. Kf3 Ra3+ 65. Kf4 Ra1 66. Nh7+
Ke8 67. f7+ Kd7 68. f8=Q Rf1+ 69. Kg5 Rxf8 70. Nxf8+ 1-0

[Event "Chess24 Banter Blitz Cup"]
[Site "chess24.com INT"]
[Date "2019.10.14"]
[Round "1.9"]
[White "Moussard, Jules"]
[Black "Grigoryan, Karen H."]
[Result "1-0"]
[WhiteTitle "GM"]
[BlackTitle "GM"]
[WhiteElo "2608"]
[BlackElo "2608"]
[WhiteFideId "642908"]
[BlackFideId "13301004"]
[EventDate "2019.09.25"]
[EventType "blitz"]

1. e4 g6 2. d4 Bg7 3. Nc3 a6 4. h4 h5 5. Nf3 b5 6. Ng5 Bb7 7. f3 d6 8. Be3 Nd7
9. Qd2 Rc8 10. a4 b4 11. Bc4 e6 12. Ne2 Nb6 13. Bb3 a5 14. Nf4 d5 15. c3 bxc3
16. Qxc3 Ne7 17. Qxa5 O-O 18. O-O dxe4 19. Nfxe6 fxe6 20. Nxe6 Qd6 21. Nxf8+
Kxf8 22. fxe4+ Ke8 23. Qg5 Bxe4 24. Rf7 Nf5 25. Rf1 Bxd4 26. Bxd4 Qxd4+ 27. Kh2
Qd6+ 28. Rf4 Nd5 29. Bxd5 Bxd5 30. Rf6 Be6 31. Qxg6+ Kd7 32. Rxf5 Bxf5 33. Qxf5+
Kc6 34. Qb5# 1-0

[Event "Chess24 Banter Blitz Cup"]
[Site "chess24.com INT"]
[Date "2019.10.14"]
[Round "1.10"]
[White "Grigoryan, Karen H."]
[Black "Moussard, Jules"]
[Result "1-0"]
[WhiteTitle "GM"]
[BlackTitle "GM"]
[WhiteElo "2608"]
[BlackElo "2608"]
[WhiteFideId "13301004"]
[BlackFideId "642908"]
[EventDate "2019.09.25"]
[EventType "blitz"]

1. b4 e5 2. Bb2 d6 3. g3 g6 4. Bg2 Bg7 5. c4 f5 6. Nc3 Nf6 7. e3 O-O 8. Nge2 c6
9. O-O Be6 10. d3 Nbd7 11. b5 d5 12. bxc6 bxc6 13. cxd5 cxd5 14. d4 e4 15. Ba3
Rf7 16. Na4 g5 17. Nc5 Nxc5 18. dxc5 Ng4 19. Nd4 Bc8 20. Bb2 Ne5 21. Qb3 f4 22.
exf4 gxf4 23. Rfd1 Bg4 24. Rd2 e3 25. fxe3 f3 26. Bf1 f2+ 27. Rxf2 Rxf2 28. Kxf2
Qf6+ 29. Kg1 Rf8 30. Qxd5+ Kh8 31. Qg2 Qg5 32. Re1 Bf3 33. Qc2 Bd5 34. Bg2 Bxg2
35. Kxg2 Ng4 36. Qe4 Qh5 37. h3 Nf2 38. Qh4 Qd5+ 39. e4 Qc4 40. Rf1 Bxd4 41. Qe7
Rf7 42. Bxd4+ Kg8 43. Qg5+ Kf8 44. Qd8# 1-0

[Event "Chess24 Banter Blitz Cup"]
[Site "chess24.com INT"]
[Date "2019.10.14"]
[Round "1.11"]
[White "Moussard, Jules"]
[Black "Grigoryan, Karen H."]
[Result "0-1"]
[WhiteTitle "GM"]
[BlackTitle "GM"]
[WhiteElo "2608"]
[BlackElo "2608"]
[WhiteFideId "642908"]
[BlackFideId "13301004"]
[EventDate "2019.09.25"]
[EventType "blitz"]

1. d4 b6 2. Nf3 Bb7 3. Nbd2 g6 4. e4 Bg7 5. Bd3 e6 6. O-O Ne7 7. c3 O-O 8. Re1
d6 9. Nf1 Nd7 10. Ng3 c5 11. Be3 a6 12. Qd2 Re8 13. Bh6 Bh8 14. h4 Nf6 15. h5
Nxh5 16. Nxh5 gxh5 17. Qg5+ Ng6 18. Qxh5 Qf6 19. Re3 Nf4 20. Qg4+ Ng6 21. Ng5
cxd4 22. Rh3 Qf4 23. Qh5 Qe5 24. cxd4 Qxd4 25. Nxh7 Qxb2 26. Rb1 Qe5 27. Ng5 b5
28. a4 Rac8 29. Rg3 Rc3 30. axb5 axb5 31. Qf3 Qf6 32. Qd1 Rec8 33. Nf3 b4 34.
Rxb4 Ba8 35. Rb1 Bg7 36. Bg5 Rxd3 37. Qxd3 Qc3 38. Qxc3 Bxc3 39. Rb8 Rxb8 40.
Rg4 Rb1+ 41. Kh2 Kf8 42. Bh6+ Ke7 43. Be3 Ne5 44. Rh4 Nxf3+ 45. gxf3 Be5+ 46.
Kg2 d5 47. exd5 Bxd5 48. Ra4 Rb7 49. Bg5+ f6 50. Be3 Kf7 51. Rh4 Kg6 52. Rg4+
Kf5 53. Rg8 Rh7 54. Rg4 Rh2+ 55. Kg1 Bxf3 0-1

[Event "Chess24 Banter Blitz Cup"]
[Site "chess24.com INT"]
[Date "2019.10.14"]
[Round "1.12"]
[White "Grigoryan, Karen H."]
[Black "Moussard, Jules"]
[Result "1-0"]
[WhiteTitle "GM"]
[BlackTitle "GM"]
[WhiteElo "2608"]
[BlackElo "2608"]
[WhiteFideId "13301004"]
[BlackFideId "642908"]
[EventDate "2019.09.25"]
[EventType "blitz"]

1. b4 e6 2. a3 Nf6 3. Bb2 d5 4. g3 Be7 5. Bg2 O-O 6. Nf3 c5 7. bxc5 Bxc5 8. O-O
Nc6 9. e3 Re8 10. a4 e5 11. Na3 e4 12. Ne1 d4 13. Nb5 Bg4 14. Qb1 Be2 15. Ba3
Bxa3 16. Nxa3 Bxf1 17. Bxf1 dxe3 18. dxe3 b6 19. Bb5 Rc8 20. Nc4 Re7 21. Ng2 Ne5
22. Nxe5 Rxe5 23. Nf4 h5 24. Qb2 Qd6 25. Be2 Rec5 26. Rd1 Qe5 27. Rd4 h4 28. Kg2
hxg3 29. hxg3 Rxc2 30. Rd8+ Kh7 31. Qxe5 Rxd8 32. g4 Rc5 33. Qb2 Rg5 34. Kg3 Rd6
35. Nh3 Rgd5 36. g5 Nd7 37. Bc4 Re5 38. Bxf7 g6 39. Bc4 Kg7 40. Bb5 Kf7 41. Bxd7 1-0